| 000 | 00758nam a22001937a 4500 | ||
|---|---|---|---|
| 999 |
_c165757 _d165757 |
||
| 005 | 20230714123824.0 | ||
| 010 | _aUR-10272 | ||
| 020 |
_a9789386486950 _c294.00 |
||
| 035 | _aU-8827 | ||
| 037 | _bDBAD/PUB | ||
| 082 | _a841.08 | ||
| 100 | _aقيا م نير | ||
| 245 |
_aبہا ر وجھا ر کھنڈ ميں ا ر د و ا فسا نہ ا و ر ا فسا نہ نگا ر(جلد سو م ) / _cقيا م نير |
||
| 246 |
_bBihar -o-Jharkhand mein Urdu Afsana Aur Afsana Nigar (Urdu) _aby Qayam Naiyar |
||
| 260 |
_aDelhi _bEducational Publishing House _c2017ء |
||
| 270 |
_a3191،Vakil Street,Kucha Pandit,Lal Kuan, _bDelhi _e110006 _k23216162 _l00911123211540 |
||
| 300 |
_a527ص _c22cm(Hb) |
||
| 942 |
_2ddc _cUR _h841.08 _mن ي ر |
||